000 00373nam a2200133Ia 4500
008 230917s9999||||xx |||||||||||||| ||und||
040 _e93120
_aMAIN
041 _aEnglish
082 _a370.152 A36S
100 _aAshok Kumar
245 0 _aStudy of personality traits of adolscent at higher secondary level in the public schools at Rewari
300 _av. p.
942 _cTH
999 _c87320
_d87320